| 000 | 006690000a22002290004500 | ||
|---|---|---|---|
| 003 | LK-CoMWRAF | ||
| 005 | 20231027125720.0 | ||
| 008 | 230817t1998 ||||| |||| 00| 0 eng d | ||
| 020 | _a8170367298 | ||
| 040 |
_aLK-CoMWRAF _dLK-CoMWRAF _eLK-CoMWRAF |
||
| 041 | _aeng | ||
| 082 |
_a306 _bJOS |
||
| 100 | _aJoseph, Sarah | ||
| 245 |
_aInterrogating Culture: _bCritical Perspectives on Contemporary Social Theory |
||
| 260 |
_aNew Delhi: _bSage Publication, _c1998 |
||
| 300 |
_a198 p. ; 22 cm. _bIndex included |
||
| 650 | _aCULTURE | ||
| 650 | _aPower (Social sciences) | ||
| 650 | _aKnowledge, Theory of | ||
| 650 | _aSocial sciences -- Philosophy | ||
| 942 | _cBK | ||
| 999 |
_c180 _d180 |
||